Text mining: predictive methods for analyzing unstructured information

Saved in:
Bibliographic Details
Main Authors: Weiss, Sholom M (Author), Indurkhya, Nitin (Author), Zhang, Tong (Author), Damerau, Fred J (Author)
Format: Book
Language:English
Published: Nueva York Springer 2005
Subjects:
Tags: Add Tag
No Tags, Be the first to tag this record!

MARC

LEADER 00000nam a2200000 a 4500
001 UCI0048
003 CL-VaPUC
008 070420e20050000US |||||||||||||||||eng|d
020 |a 0387954333 
082 0 4 |a 006.35  |b WEI  |2 21 
100 0 |a Weiss, Sholom M  |e author  |9 520117 
700 0 |a Indurkhya, Nitin  |e author  |9 520118 
700 0 |a Zhang, Tong  |e author  |9 520119 
700 0 |a Damerau, Fred J  |e author  |9 520120 
245 1 0 |a Text mining: predictive methods for analyzing unstructured information 
300 |a 237 p 
942 |c BK 
945 |d 20070420 00:00:00  |a cmena 
260 |a Nueva York  |b Springer  |c 2005 
650 0 |a Lenguajes de programación   |9 259458 
650 0 |a Lenguaje natural   |9 421363 
650 0 |a Semántica  |9 265318 
650 7 |a INTELIGENCIA ARTIFICIAL  |2 CL-VaPUC  |9 520121 
583 |a last modification  |c 20130304 02:03:10  |k Rodrigo Vera 
999 |c 325340  |d 325338 
952 |0 0  |1 0  |4 0  |6 006_350000000000000_WEI_2005  |7 0  |8 A  |9 406068  |a FDOPOS  |b FDOPOS  |d 2019-11-22  |i 4332865  |o 006.35 WEI 2005  |p 4332865  |r 2025-01-22  |w 2019-11-22  |y BK  |k MLA